Utazási irodák működése – Tematikus utak kialakulása és jellemzői

Bibliográfiai részletek
Szerző: Bodorkós Ágota
További közreműködők: Kálmán István
Dokumentumtípus: Projektmunka
Kulcsszavak:Egyiptom
Nílus Travel
tematikus utak
utazási irodák
utazásközvetítés
utazásszervezés
Online Access:http://dolgozattar.uni-bge.hu/60181

MARC

LEADER 00000nnm a2200000 i 4500
001 dolg60181
005 20260409150109.0
008 260409suuuu hu o 000 hun d
040 |a BGE Dolgozattár Repozitórium  |b hun 
041 |a hu 
100 1 |a Bodorkós Ágota 
245 1 0 |a Utazási irodák működése – Tematikus utak kialakulása és jellemzői  |c Bodorkós Ágota  |h [elektronikus dokumentum] 
516 |a Project_work 
520 3 |a Dolgozatomban az utazási irodák szerepét és működését vizsgáltam, különös tekintettel a tematikus utak jelentőségére. A történelmi háttér ismertetése mellett bemutatom az utazásszervezés és -közvetítés közötti különbségeket, valamint a szakmai gyakorlatom során szerzett tapasztalataimat a Nílus Travel irodában. A gyakorlat során betekintést nyerhettem a foglalási rendszerek használatába, biztosításkötésekbe, számlázási feladatokba és ügyfélkapcsolatokba. A kérdőíves kutatásom célja az volt, hogy feltárjam, miként viszonyulnak az emberek az utazási irodai szolgáltatásokhoz és a tematikus utakhoz. Az eredmények alapján megállapítható, hogy az utazási irodákra ma is szükség van, különösen azok számára, akik személyre szabott, tartalmas és élményközpontú utazásra vágynak. 
695 |a Egyiptom 
695 |a Nílus Travel 
695 |a tematikus utak 
695 |a utazási irodák 
695 |a utazásközvetítés 
695 |a utazásszervezés 
700 1 |a Kálmán István  |e ths 
856 4 0 |u http://dolgozattar.uni-bge.hu/60181/1/Bodorkos_Agota_E9G8VC.pdf  |z Dokumentum-elérés 
856 4 0 |u http://dolgozattar.uni-bge.hu/60181/2/Bodork%C3%B3s%20%C3%81gota%20projekmunka%20b%C3%ADr%C3%A1lati%20lap.pdf  |z Dokumentum-elérés